Statistics for I Want To Hold Your Hand Lyrics - The Beatles

Click here to take the quiz!

General Stats

  • This quiz has been taken 507 times
  • The average score is 172 of 187

Answer Stats

Lyrics% Correct
I
100%
when
100%
When
100%
you
100%
hand
99%
hold
99%
to
99%
want
99%
your
99%
a
91%
me
90%
something
89%
that
89%
understand
89%
say
87%
tell
87%
And
86%
Oh
86%
think
86%
You'll
86%
you'll
86%
love
85%
let
84%
feel
83%
happy
81%
inside
81%
be
80%
can't
80%
touch
80%
feeling
79%
It's
79%
my
79%
Yeah,
79%
yeah,
79%
hide
78%
I'll
78%
man
78%
please,
78%
such
75%
got
69%

Score Distribution

Percentile by Number Answered

Percent of People with Each Score

Your Score History

You have not taken this quiz